<?xml version="1.0" encoding="UTF-8"?>
<record
    xmlns:xsi="http://www.w3.org/2001/XMLSchema-instance"
    xsi:schemaLocation="http://www.loc.gov/MARC21/slim http://www.loc.gov/standards/marcxml/schema/MARC21slim.xsd"
    xmlns="http://www.loc.gov/MARC21/slim">

  <leader>00744nam a2200229 a 4500</leader>
  <controlfield tag="003">DO-SdBNP</controlfield>
  <controlfield tag="005">20220118105346.0</controlfield>
  <controlfield tag="007">ta</controlfield>
  <controlfield tag="008">220118e2017    dr ||||gr|||| 00| ebspa d</controlfield>
  <datafield tag="040" ind1=" " ind2=" ">
    <subfield code="a">DO-SdBNP</subfield>
    <subfield code="b">spa</subfield>
    <subfield code="c">BNPHU</subfield>
  </datafield>
  <datafield tag="082" ind1=" " ind2="4">
    <subfield code="b">939n</subfield>
    <subfield code="2">I24n</subfield>
  </datafield>
  <datafield tag="110" ind1="1" ind2=" ">
    <subfield code="9">77477</subfield>
    <subfield code="a">Iglesia Cat&#xF3;lica</subfield>
  </datafield>
  <datafield tag="245" ind1="1" ind2="0">
    <subfield code="a">Novena a San Lorenzo, m&#xE1;rtir /</subfield>
  </datafield>
  <datafield tag="246" ind1=" " ind2=" ">
    <subfield code="a">Novena a San Lorenzo, di&#xE1;cono y m&#xE1;rtir</subfield>
  </datafield>
  <datafield tag="260" ind1=" " ind2=" ">
    <subfield code="a">Santo Domingo :</subfield>
    <subfield code="b">Amigo del Hogar,</subfield>
    <subfield code="c">2017</subfield>
  </datafield>
  <datafield tag="300" ind1=" " ind2=" ">
    <subfield code="a">40 p. ;</subfield>
    <subfield code="c">15 cm.</subfield>
  </datafield>
  <datafield tag="590" ind1=" " ind2=" ">
    <subfield code="a">Inventariado 2022 / MF</subfield>
  </datafield>
  <datafield tag="610" ind1=" " ind2="0">
    <subfield code="9">64444</subfield>
    <subfield code="a">Iglesia Cat&#xF3;lica,</subfield>
    <subfield code="b">Parroquia San Lorenzo, m&#xE1;rtir (Rep&#xFA;blica Dominicana)</subfield>
    <subfield code="x">Novena</subfield>
  </datafield>
  <datafield tag="610" ind1=" " ind2="4">
    <subfield code="9">4857</subfield>
    <subfield code="a">Iglesia Cat&#xF3;lica</subfield>
    <subfield code="x">Liturgia</subfield>
  </datafield>
  <datafield tag="710" ind1="2" ind2=" ">
    <subfield code="a">Parroquia San Lorenzo, m&#xE1;tir</subfield>
    <subfield code="9">80964</subfield>
  </datafield>
  <datafield tag="942" ind1=" " ind2=" ">
    <subfield code="2">ddc</subfield>
    <subfield code="c">LF2</subfield>
  </datafield>
  <datafield tag="952" ind1=" " ind2=" ">
    <subfield code="0">0</subfield>
    <subfield code="1">0</subfield>
    <subfield code="2">ddc</subfield>
    <subfield code="5">1</subfield>
    <subfield code="7">0</subfield>
    <subfield code="8">MO</subfield>
    <subfield code="a">BNPHU</subfield>
    <subfield code="b">PD</subfield>
    <subfield code="c">HD</subfield>
    <subfield code="d">2018-02-19</subfield>
    <subfield code="e">Dep&#xF3;sito legal / Amigo del Hogar</subfield>
    <subfield code="l">0</subfield>
    <subfield code="o">I24n</subfield>
    <subfield code="p">2022-0123</subfield>
    <subfield code="r">2022-01-18</subfield>
    <subfield code="w">2022-01-18</subfield>
    <subfield code="y">LF2</subfield>
  </datafield>
  <datafield tag="952" ind1=" " ind2=" ">
    <subfield code="0">0</subfield>
    <subfield code="1">0</subfield>
    <subfield code="2">ddc</subfield>
    <subfield code="5">1</subfield>
    <subfield code="7">0</subfield>
    <subfield code="8">MO</subfield>
    <subfield code="a">BNPHU</subfield>
    <subfield code="b">PD</subfield>
    <subfield code="c">HD</subfield>
    <subfield code="d">2018-02-19</subfield>
    <subfield code="e">Dep&#xF3;sito legal / Amigo del Hogar</subfield>
    <subfield code="l">0</subfield>
    <subfield code="o">I24n</subfield>
    <subfield code="p">2022-0124</subfield>
    <subfield code="r">2022-01-18</subfield>
    <subfield code="t">e.2</subfield>
    <subfield code="w">2022-01-18</subfield>
    <subfield code="y">LF2</subfield>
  </datafield>
  <datafield tag="952" ind1=" " ind2=" ">
    <subfield code="0">0</subfield>
    <subfield code="1">0</subfield>
    <subfield code="2">ddc</subfield>
    <subfield code="5">6</subfield>
    <subfield code="7">0</subfield>
    <subfield code="8">MO</subfield>
    <subfield code="a">BNPHU</subfield>
    <subfield code="b">DO</subfield>
    <subfield code="c">HD</subfield>
    <subfield code="d">2018-02-19</subfield>
    <subfield code="e">Dep&#xF3;sito legal / Amigo del Hogar</subfield>
    <subfield code="l">0</subfield>
    <subfield code="o">I24n</subfield>
    <subfield code="p">2022-0125</subfield>
    <subfield code="r">2022-01-18</subfield>
    <subfield code="t">e.3</subfield>
    <subfield code="w">2022-01-18</subfield>
    <subfield code="y">LF2</subfield>
  </datafield>
  <datafield tag="952" ind1=" " ind2=" ">
    <subfield code="0">0</subfield>
    <subfield code="1">0</subfield>
    <subfield code="2">ddc</subfield>
    <subfield code="5">6</subfield>
    <subfield code="7">0</subfield>
    <subfield code="8">MO</subfield>
    <subfield code="a">BNPHU</subfield>
    <subfield code="b">DO</subfield>
    <subfield code="c">HD</subfield>
    <subfield code="d">2018-02-19</subfield>
    <subfield code="e">Dep&#xF3;sito legal / Amigo del Hogar</subfield>
    <subfield code="l">0</subfield>
    <subfield code="o">I24n</subfield>
    <subfield code="p">2022-0126</subfield>
    <subfield code="r">2022-01-18</subfield>
    <subfield code="t">e.4</subfield>
    <subfield code="w">2022-01-18</subfield>
    <subfield code="y">LF2</subfield>
  </datafield>
  <datafield tag="952" ind1=" " ind2=" ">
    <subfield code="0">0</subfield>
    <subfield code="1">0</subfield>
    <subfield code="2">ddc</subfield>
    <subfield code="5">6</subfield>
    <subfield code="7">0</subfield>
    <subfield code="8">MO</subfield>
    <subfield code="a">BNPHU</subfield>
    <subfield code="b">DO</subfield>
    <subfield code="c">HD</subfield>
    <subfield code="d">2018-02-19</subfield>
    <subfield code="e">Dep&#xF3;sito legal / Amigo del Hogar</subfield>
    <subfield code="l">0</subfield>
    <subfield code="o">I24n</subfield>
    <subfield code="p">2022-0127</subfield>
    <subfield code="r">2022-01-18</subfield>
    <subfield code="t">e.5</subfield>
    <subfield code="w">2022-01-18</subfield>
    <subfield code="y">LF2</subfield>
  </datafield>
  <datafield tag="999" ind1=" " ind2=" ">
    <subfield code="c">51182</subfield>
    <subfield code="d">51182</subfield>
  </datafield>
</record>
